000 00812cam a2200253 a 4500
001 17075561
005 20180302043440.0
008 111208s2013 caua b 001 0 eng
010 _a 2011050629
020 _a9781412995313 (cloth)
020 _a9781412995306 (pbk.)
040 _aDLC
_cDLC
_dDLC
041 _aeng
042 _apcc
080 _a300.72 CRE
082 0 0 _a300.72 CRE
_223
100 1 _a25
101 _aEDU
245 1 0 _aQualitative inquiry and research design :
_cJohn W. Creswell.
504 _aIncludes bibliographical references (p. 417-434) and indexes.
906 _a7
_bcbc
_corignew
_d1
_eecip
_f20
_gy-gencatlg
942 _2ddc
_cBK
999 _c43976
_d43976